LEADER 03264nam 2200637 450 001 996466489603316 005 20230420162751.0 010 $a3-540-47711-X 024 7 $a10.1007/BFb0081880 035 $a(CKB)1000000000437540 035 $a(SSID)ssj0000321462 035 $a(PQKBManifestationID)12068584 035 $a(PQKBTitleCode)TC0000321462 035 $a(PQKBWorkID)10281696 035 $a(PQKB)10819020 035 $a(DE-He213)978-3-540-47711-2 035 $a(MiAaPQ)EBC5585623 035 $a(Au-PeEL)EBL5585623 035 $a(OCoLC)1066199218 035 $a(MiAaPQ)EBC6841981 035 $a(Au-PeEL)EBL6841981 035 $a(PPN)15521280X 035 $a(EXLCZ)991000000000437540 100 $a20220908d1987 uy 0 101 0 $aeng 135 $aurnn#008mamaa 181 $ctxt 182 $cc 183 $acr 200 10$aAsymptotics for orthogonal polynomials /$fWalter Van Assche 205 $a1st ed. 1987. 210 1$aBerlin, Germany ;$aNew York, New York :$cSpringer-Verlag,$d[1987] 210 4$d©1987 215 $a1 online resource (VI, 206 p.) 225 1 $aLecture Notes in Mathematics,$x0075-8434 ;$v1265 300 $aBibliographic Level Mode of Issuance: Monograph 311 $a0-387-18023-0 311 $a3-540-18023-0 327 $aOrthogonal polynomials on a compact set -- Asymptotically periodic recurrence coefficients -- Probabilistic proofs of asymptotic formulas -- Orthogonal polynomials on unbounded sets -- Zero distribution and consequences -- Some applications. 330 $aRecently there has been a great deal of interest in the theory of orthogonal polynomials. The number of books treating the subject, however, is limited. This monograph brings together some results involving the asymptotic behaviour of orthogonal polynomials when the degree tends to infinity, assuming only a basic knowledge of real and complex analysis. An extensive treatment, starting with special knowledge of the orthogonality measure, is given for orthogonal polynomials on a compact set and on an unbounded set. Another possible approach is to start from properties of the coefficients in the three-term recurrence relation for orthogonal polynomials. This is done using the methods of (discrete) scattering theory. A new method, based on limit theorems in probability theory, to obtain asymptotic formulas for some polynomials is also given. Various consequences of all the results are described and applications are given ranging from random matrices and birth-death processes to discrete Schrödinger operators, illustrating the close interaction with different branches of applied mathematics. 410 0$aLecture Notes in Mathematics,$x0075-8434 ;$v1265 606 $aOrthogonal polynomials$xAsymptotic theory 606 $aMathematical analysis$vCongresses 615 0$aOrthogonal polynomials$xAsymptotic theory. 615 0$aMathematical analysis 676 $a515.55 686 $a42C05$2msc 686 $a33A65$2msc 700 $aAssche$b Walter van$f1958-$0149638 801 0$bMiAaPQ 801 1$bMiAaPQ 801 2$bMiAaPQ 906 $aBOOK 912 $a996466489603316 996 $aAsymptotics for orthogonal polynomials$978533 997 $aUNISA LEADER 01092nam0 22003011i 450 001 UON00261364 005 20231205103713.676 010 $a04-15-26212-7 100 $a20050216d2004 |0itac50 ba 101 $aeng 102 $aGB 105 $a|||| ||||| 200 1 $aPompeii$ea sourcebook$fAlison E. Cooley, M.G.L. Cooley 210 $aLondon$aNew York$cRoutledge$d2004 215 $axiii, 254 p.$cill.$d24 cm 606 $aPOMPEI$3UONC026421$2FI 620 $aUS$dNew York$3UONL000050 620 $aGB$dLondon$3UONL003044 676 $a937$cARCHEOLOGIA / STORIA DELL'ITALIA - fino al 476$v21 700 1$aCOOLEY$bAlison E.$3UONV154375$0522833 701 1$aCOOLEY$bM.G.L.$3UONV154376$0689759 712 $aRoutledge$3UONV248939$4650 801 $aIT$bSOL$c20240220$gRICA 899 $aSIBA - SISTEMA BIBLIOTECARIO DI ATENEO$2UONSI 912 $aUON00261364 950 $aSIBA - SISTEMA BIBLIOTECARIO DI ATENEO$dSI N 2 POMPEI 049 $eSI MC 29393 5 996 $aPompeii$91237302 997 $aUNIOR LEADER 03686nam 22005295 450 001 9910915875503321 005 20220830111616.0 010 $a2-7598-2637-6 024 7 $a10.1051/978-2-7598-2637-7 035 $a(CKB)5580000000356054 035 $a(DE-B1597)635143 035 $a(DE-B1597)9782759826377 035 $a(MiAaPQ)EBC7156295 035 $a(Au-PeEL)EBL7156295 035 $a(OCoLC)1343103923 035 $a(MiAaPQ)EBC30810390 035 $a(Au-PeEL)EBL30810390 035 $a(PPN)267769334 035 $a(FR-PaCSA)88939364 035 $a(EXLCZ)995580000000356054 100 $a20220830h20222022 fg 101 0 $afre 135 $aur||||||||||| 181 $ctxt$2rdacontent 182 $cc$2rdamedia 183 $acr$2rdacarrier 200 10$aRadionucléides & Radioprotection - 3ème édition $eGuide pratique /$fJean-Paul Guerre, Daniel Delacroix, Paul Leblanc 205 $a3rd ed. 210 1$aLes Ulis : $cEDP Sciences, $d[2022] 210 4$d©2022 215 $a1 online resource (258 p.) 225 0 $aHors collection 311 $a2-7598-2636-8 327 $tFrontmatter -- $tavant-propos -- $tsommaire -- $tAvertissement -- $tIntroduction -- $t1] Notions de base : radioactivité et radioprotection -- $t2] Risques liés à la manipulation des radionucléides -- $t2.1] Risques à prendre en compte -- $t2.2] Protection contre l'exposition externe et interne -- $t2.3] Mesure de l?exposition externe et de la contamination -- $t3] Description des fiches de radioprotection -- $tIntroduction -- $t3.1] Caractéristiques physiques -- $t3.2] L'exposition externe -- $t3.3] L'exposition interne -- $t3.4] Écrans de protection, détection et contamination des surfaces -- $t3.5] Activités Maximales Manipulables (AMM) -- $tRéférences bibliographiques -- $tListe des radionucléides -- $t212 fiches de radioprotection -- $tAnnexes 330 $aCe guide pratique est destiné aux utilisateurs de radionucléides travaillant au sein de laboratoires où sont mises en oeuvre des substances radioactives. Il concerne tous les secteurs scientifiques et techniques, comme la médecine, la biologie, la recherche ou l?industrie. Il répond également aux besoins des personnels en charge de la radioprotection de ces laboratoires. Un texte préliminaire rappelle les principales notions de physique des rayonnements et de radioprotection. Il introduit un corpus de plus de deux cents fiches traitant des radionucléides les plus couramment rencontrés. Ces données essentielles sur les caractéristiques nucléaires et la radioprotection aideront l?utilisateur dans sa démarche visant principalement à: ? quantifier les risques d?exposition interne ou externe liés à la manipulation ; ? optimiser la détection, les moyens de protection ainsi que les équipements et postes de travail. Cet ouvrage a fait l?objet de plusieurs rééditions en langue française et anglaise principalement justifiées par l?évolution du cadre réglementaire. Ainsi, cette nouvelle édition révisée est établie à partir des législations françaises et européennes en vigueur. 410 0$aHors Collection 606 $aSCIENCE / Radiation$2bisacsh 615 7$aSCIENCE / Radiation. 700 $aDelacroix$b Daniel, $4aut$4http://id.loc.gov/vocabulary/relators/aut$01779935 702 $aGuerre$b Jean-Paul, $4aut$4http://id.loc.gov/vocabulary/relators/aut 702 $aLeblanc$b Paul, $4aut$4http://id.loc.gov/vocabulary/relators/aut 801 0$bDE-B1597 801 1$bDE-B1597 906 $aBOOK 912 $a9910915875503321 996 $aRadionucléides & Radioprotection - 3ème édition$94303521 997 $aUNINA